Statistiques concernant Culture Générale - Série 1140

Cliquez ici pour prendre le quiz!

Statistiques générales

  • Ce quiz a été pris 75 fois
  • Le résultat moyen est 7 sur 10

Statistiques - réponses

QuestionRéponse% Correct
Dans le film "Le Cercle des poètes disparus", l'expression latine invitant à profiter du moment présent est "Carpe...Diem
96%
Quel est le nom de l'excroissance charnue, rouge et dentelée que le coq a sur la tête?crête
86%
Quel département de Franche-Comté a pour chef-lieu de département Besançon ?Doubs
79%
Quelle agglomération, en dehors de Lagos, située sur le Nil, est la plus peuplée d'Afrique ?Le Caire
76%
Quelle était la nationalité du chimiste Alfred Nobel ?suédoise
76%
Quelle céréale est également appelée "blé noir" ?sarrasin
63%
En quelle année la ville espagnole de Guernica y Luno a-t-elle été bombardée par l'aviation allemande et italienne ?1937
59%
Dans quel pays peut-on admirer les immenses chutes d'Iguaçu ?Brésil
59%
De 1999 à 2013, quel était le président de la République du Venezuela ?Hugo Chavez
47%
Quel dessert italien, composé de crème et de gélatine souvent accompagné d'un coulis de fruits rouges, signifie littéralement "crème cuite" ?panna cotta
39%

Distribution des résultats

Percentile par nombre de réponses

% des personnes avec chaque résultat

Votre développement - résultats

Vous n’avez pas pris ce quiz